000 01307nam2a22002291 4500
001 rc\518843
005 20250621164313.0
035 _a(NLR Aleph) 005811430
090 _a5390296
_c5390296
100 _a20030616d1987 |||y0rusy50 ca
101 0 _arus
102 _aRU
105 _ay |||||||||
200 0 _a... на 1988 год
210 _d1987
_aБ. м.
215 _a48 с.
461 0 _1001rc\518842
_12001#$aПЕРЕЧЕНЬ нормативно-технической документации на изготовление и ремонт швейных изделий по индивидуальным заказам населения...$fМ-во быт. обслуж. населения РСФСР, Центр. опыт.-техн. швейн. лаб.$v... на 1988 год
_95390288
_cМ.
_d1987
_fМ-во быт. обслуж. населения РСФСР, Центр. опыт.-техн. швейн. лаб.
_nЦБНТИ
_tПЕРЕЧЕНЬ нормативно-технической документации на изготовление и ремонт швейных изделий по индивидуальным заказам населения...
_v... на 1988 год
801 0 _aRU
_bNLR
_gpsbo
801 1 _aRU
_bELAR
_2rusmarc
852 _aNLR
_j88-4/18796
942 _cBOOK
980 _aNB